| 000 | 00411nam a2200157 i 4500 | ||
|---|---|---|---|
| 001 | bg | ||
| 100 | 1 | _aBOLTJANSKIJ, Vladimir Grigorevic | |
| 245 | 0 |
_aSterowanie optymalne układami dyskretnymi / _cW.G. Bołtiański. |
|
| 260 |
_aWarszawa, _c1978. |
||
| 700 | 1 | _aBołtiański, W. G. | |
| 040 | _cBPK | ||
| 041 | _apol | ||
| 080 | _a514.12:519.85 | ||
| 942 | _cKS | ||
| 008 | s pl f |000 0 pol | ||
| 999 |
_c18001 _d18001 |
||
| 856 |
_uhttp://koha.tu.koszalin.pl/cgi-bin/koha/opac-detail.pl?biblionumber=18001 _yKatalog online BPK |
||